000 00467cam a2200181ua 4500
001 11891
008 191115n ii |||gr||||Z||||||eng
020 _a9788120351134
040 _cMAIN
041 _aeng
082 _a370
100 _aS Samuel Ravi,
_eAuthor.
245 _aPhilosophical and sociological bases of education
_cBy S Samuel Ravi
260 _aDelhi:
_bPHI learning private limited,
_c2015.
300 _a460p.
653 _aEducation
942 _cBK
999 _c10681
_d10681